O Primo Basílio (Record no. 57322)

MARC details
000 -LÍDER
campo de controle de tamanho fixo 00361 a2200169 4500
001 - NÚMERO DE CONTROLE
campo de controle 57322
020 ## - ISBN - INTERNATIONAL STANDARD BOOK NUMBER
ISBN - International Standard Book Number 8526244442
040 ## - FONTE DA CATALOGAÇÃO
Instituição que transcreveu o registro Anchieta - Pituba
100 ## - ENTRADA PRINCIPAL--NOME PESSOAL
Nome pessoal Cony, Carlos Heitor
240 10 - TÍTULO UNIFORME
Título uniforme O Primo Basílio
Idioma da obra por
245 10 - TÍTULO
Título O Primo Basílio
300 ## - DESCRIÇÃO FÍSICA
Extensão 135
362 0# - DATAS DE PUBLICAÇÃO E/OU DESIGNAÇÃO SEQUENCIAL
Datas de publicação e/ou designação sequencial 2002
440 #1 - DECLARAÇÃO DE SÉRIE/ENTRADA ADICIONADA--TÍTULO
Título Scipione
650 #4 - ASSUNTO--TERMO TÓPICO
Cabeçalho tópico ou nome geográfico Literatura juvenil
942 ## - ELEMENTOS DE ENTRADA ADICIONADOS (KOHA)
Tipo de material Koha Livros
Holdings
Situação do descarte Situação das perdas Situação física Não pode ser emprestado Biblioteca de origem Biblioteca atual Data de aquisição Total de empréstimos Código de barras Data de último acesso Data do preço efetivo Tipo de material Koha Número de chamada completo
        Colégio Anchieta - Pituba Colégio Anchieta - Pituba 21/11/2023   7326/PIT 21/11/2023 21/11/2023 Livros  
        Colégio Anchieta - Pituba Colégio Anchieta - Pituba 21/11/2023   7327/PIT 21/11/2023 21/11/2023 Livros  
        Colégio Anchieta - Pituba Colégio Anchieta - Pituba 21/11/2023   18027/PIT 21/11/2023 21/11/2023 Livros 869.3 Q3p QUE PRI
        Colégio Anchieta - Pituba Colégio Anchieta - Pituba 21/11/2023   18028/PIT 21/11/2023 21/11/2023 Livros 869.3 Q3p QUE PRI
        Colégio Anchieta - Pituba Colégio Anchieta - Pituba 21/11/2023   23696/PIT 21/11/2023 21/11/2023 Livros LJ 028.5 C768p CON PRI
        Colégio Anchieta - Pituba Colégio Anchieta - Pituba 21/11/2023   23697/PIT 21/11/2023 21/11/2023 Livros LJ 028.5 C768p CON PRI